000 00398nam a2200133Ia 4500
008 191023s9999 xx 000 0 und d
020 _a9781305964150
100 _aNevid, Jeffrey S.
245 _cJeffrey S. Nevid.--
_aEssentials of psychology :
_bconcepts and applications /
250 _a5th ed
260 _aUSA :
_bCengage Learning
_c2018
300 _axxxiii, 559 pages.
650 _aPsychology
999 _c362308
_d362308